000 01404nam a2200205 a 4500
008 190916s2015 a ||||gr|||| 000 1 s d
020 _a9789504936688
041 _aspa
092 _c808
_l26
_sFON
100 1 _aFontanarrosa, Roberto.
_94089
245 3 _aLa gansada.
_bNovela /
_cRoberto Fontanarrosa
250 _a2a ed.
260 _aBuenos Aires:
_bPlaneta;
_c2015.
300 _a320 p.
_b21x13cm
500 _aFontanarrosa, R. (2015). La gansada. Novela. (2a ed.). Buenos Aires : Planeta.
505 _a"Amapola Vanderhoeven sintió el frío del ambiente en el rostro, como una bofetada. Nunca le habían pegado, aunque más de una vez se lo mereciese, y su primer reacción fue de enojo. Luego se aquietó, comprendiendo que la naturaleza misma de la morgue requería de esa particularidad climática". Esteban debe operar en Japón a su madre. Cuando la bella y rica Amapola Vanderhoeven recibe la noticia de la presunta muerte de su marido, Esteban encuentra el modo de solventar la operación. Simulará amar a Amapola aunque en realidad ame a María, una obrera de la curtiembre de pieles de cerdo, que es la base de la fortuna de los Vanderhoeven. Un incendio en "La Gansada", la casa de veraneo de la familia, dará lugar a la tormenta que se desarrollará entre los habitantes de la mansión.
590 _aDonación septiembre 2019.
655 _aLiteratura
_92917
942 _2ddc
_cLIT
999 _c3041
_d3041